000 00385nam a22001457a 4500
003 OSt
005 20160817142647.0
008 160817b xxu||||| |||| 00| 0 eng d
020 _a0803960093
040 _cN/A
100 _aBlase Joseph
245 _aBringing out the best in teachers
_bWhat effective principals do
260 _aCalifonia
_bCorwin Press Inc
_c1992
942 _2lcc
_cBK
999 _c255036
_d255035